Statistics for Who am I? Presidents Edition

Click here to take the quiz!

General Stats

  • This quiz has been taken 33 times
    (12 since last reset)
  • The average score is 11 of 15

Answer Stats

ClueAnswer% Correct
I was the the first African - American President of the USABarack Obama
100%
John Adams was my Vice PresidentGeorge Washington
100%
I was the only President who served non - consecutive termsGrover Cleveland
100%
I was recently president and am a very contreversial figureDonald Trump
91%
I famously raised taxes after promising not toGeorge H.W Bush
91%
My father was a president during the late 80s and early 90sGeorge W. Bush
91%
I tried to mend US relations with China and the USSR but was humiliated when I had to resignRichard Nixon
91%
My marriage was the longest between a Presidential couple in US history until November 2023Jimmy Carter
82%
I am known as one of the worst presidents in US historyJames Buchanan
73%
I was the only President who was never elected to the role of President or Vice PresidentGerald Ford
64%
I was known for stopping the buckHarry Truman
64%
My wife famously didn't get on with the Queen of England during a State VisitJohn F. Kennedy
55%
I tried to run again for the presidency as a candidate from another partyTheodore Roosevelt
36%
I died of throat CancerUlysses S. Grant
27%
I was afraid of public speaking and only made about three speeches in my tenure as PresidentThomas Jefferson
18%

Score Distribution

Percentile by Number Answered

Percent of People with Each Score

Your Score History

You have not taken this quiz since the last reset